01036cam a22002893a 4500001000500000005001700005008004100022020003700063020001800100040004200118050002900160100002700189245006900216260003500285300004000320490003800360500003200398505000800430520014600438521002000584521002000604655003000624700001700654906004500671942001500716999001500731100420230718101848.0910309s1991 nyua j 000 1 eng d a0590436449 :c$2.75 ($3.50 Can.) a9780590436441 aJEDcJEDdOHIdBTCTAdBAKERdDLCbeng00aCPB Box no. 2576 vol. 291 aMartin, Ann M.,d1955-10aKaren's goldfish /cAnn M. Martin ; illustrations by Susan Tang. aNew York :bScholastic,c1991. a98 pages.billustrations. ;c20 cm.1 aBaby-sitters little sister ;v#16 a"A Little Apple paperback." aN  aKaren and her little brother Andrew are getting goldfish for pets. When something happens to Karen's goldfish Crystal Light, Karen is so sad. a570 bLexile  aN bRaz-Plus  7aChildren's stories.2lcsh1 aTang, Susan. a7bcbcccopycatd2encipf20gy-genrareb 2ddccBKn0 c1004d1004